000 00522nam a2200193Ia 4500
005 20250508160207.0
008 008 250505s9999 xx 000 0 eng d
037 _aBooks to be hide in OPAC
040 _aFEDL
_beng
_cFEDL
041 _aeng
_2eng
084 _qFEDL
100 _aDresslar Fletcher B
_9768090
245 0 _aAmerican school buildings
260 _aWashington, USA
_bU.S. Government Printing Office
_c1925
300 _a100p.
546 _aWeeded out
942 _cHB
999 _c1362562
_d1362562